000 00246nam a2200097Ia 4500
001 643318
005 20250826153543.0
008 250824s9999 xx 000 0 und d
245 0 _aARTIK GÜLSEM DE GAM YEMEM
_cÇİĞDEM CAN
260 _bGENÇ TİMAŞ
999 _c643318
_d643318